Регионална библиотека "Любен Каравелов" - Русе

Войната за вдигнатия капак на тоалетната чиния (Запис номер 22537)

MARC детайли
000 -Лидер
Лидер 02721nam a2200493 a 4500
003 - Код на организацията, давaща контролен номер
Код на организацията, даваща контролен номер BLK
005 - Дата и час на последна редакция
Дата и час на последна редакция 20250714120817.0
008 - Елементи от данни с фиксирана дължина
Елементи с фиксирана дължина 180413b bul|||||r ||||||| ||bul||
020 ## - Международен стандартен номер на книга ISBN
ISBN 954-649-227-2
040 ## - Източник на каталожния запис
Код на библиотеката BLK
041 ## - Код за език
Език Български
Език за КДБФ Български
080 ## - УДК
УДК текст Психология на пола
УДК код 159.922.1
УДК – код + определител 159.922.1
080 ## - УДК
УДК текст Семейна етика. Вж и 176 ; 343.3/.7 ; 347.6 ; 392
УДК код 173
УДК – код + определител 173
080 ## - УДК
УДК текст Любов. Дружба. Привързаност. Флирт
УДК код 177.6
УДК – код + определител 177.6
080 ## - УДК
УДК текст Главен мозък. Мозъчни центрове. Вж и 159.91 ; 613.8
УДК код 612.82
УДК – код + определител 612.82
080 ## - УДК
УДК текст Полово възпитание. Хигиена на половия живот - Полови излишества, проституция, полово въздържание
УДК код 613.88
УДК – код + определител 613.88
100 1# - Редна дума - Автор
Автор Пийз, Алън
R(LIN) 266453
245 10 - Сведения за заглавието
Заглавие Войната за вдигнатия капак на тоалетната чиния
Подзаглавни данни Защо мъжете не чуват, а жените не могат да се ориентират по карта
Авторска отговорност Алън Пийз; съавт. Барбара Пийз; прев. от англ. Корнелия Стефанова Великова-Дарева.
257 ## - Страна на издаване
Страна на създаване/издаване Австралия
260 ## - Област на издателските данни
Име на издателя Сиела Софт енд Паблишинг
Година на издаване 1999
Печатница София : Д. Благоев
Място на издаване София
300 ## - Физическа характеристика
Брой страници 320 с.
Илюстрации с ил.
Размер 21 см
380 ## - Жанр
Жанр Философия
490 ## - СЕРИИ (Колекции)
Серия Поредица Новата ера в общуването
500 ## - Общи забележки
Обща забележка Ориг. загл. Why Men Don't Listen and Women Can't Read Maps / Allan Pease. - Офс. изд.
650 #4 - Допълнително описание по предмет – тема
Предметна рубрика Жени - психология и поведение
9 (RLIN) 243391
650 #4 - Допълнително описание по предмет – тема
Предметна рубрика Мъже - психология и поведение
9 (RLIN) 243392
650 #4 - Допълнително описание по предмет – тема
Предметна рубрика Взаимоотношения - между половете
9 (RLIN) 262443
650 #4 - Допълнително описание по предмет – тема
Предметна рубрика Семейни отношения - психология и етика
9 (RLIN) 244197
650 #4 - Допълнително описание по предмет – тема
Предметна рубрика Полов живот
9 (RLIN) 243701
650 #4 - Допълнително описание по предмет – тема
Предметна рубрика Главен мозък - физиология
9 (RLIN) 244295
653 ## - Ключова дума – ненормативна
Ключови думи семейна етика
653 ## - Ключова дума – ненормативна
Ключови думи полов живот
653 ## - Ключова дума – ненормативна
Ключови думи психология
653 ## - Ключова дума – ненормативна
Ключови думи поведение
700 1# - Други автори (авторска отговорност)
Друг автор Пийз, Барбара
Авт. отговорност на др. автор съавт.
9 (RLIN) 266454
700 1# - Други автори (авторска отговорност)
Друг автор Великова-Дарева, Корнелия Стефанова
Авт. отговорност на др. автор прев. от англ.
9 (RLIN) 266455
852 ## - Местоположение
Сигнатура (форматна) Цб 201995
856 4# - Електронен адрес и достъп
Електронен формат pdf - файл
Път до файла (ресурса)
856 4# - Електронен адрес и достъп
Електронен формат pdf - файл
Път до файла (ресурса)
942 ## - АРТИКУЛИ
Вид на библиотечния документ Книги
Скрит в OPAC Не
Koha issues (borrowed), all copies 24
944 ## - СЪЗДАВАНЕ И РЕДАКЦИЯ на ЗАПИСА
Създаване/Редакция Създаване
Дата на регистрацията/редакция 15.01.2003
Номер на служител Цветомила Тодорова
Служител, извършил регистрацията/редакцията 30576
944 ## - СЪЗДАВАНЕ И РЕДАКЦИЯ на ЗАПИСА
Създаване/Редакция Редакция
Дата на регистрацията/редакция 02.11.2016
Номер на служител ф /
Служител, извършил регистрацията/редакцията Виолета_Тройчева
999 ## - СИСТЕМНИ КОНТРОЛНИ НОМЕРА
Koha biblionumber 22537
Koha biblioitemnumber 22537
Наличности
Код за отписване Код за изгубен артикул Източник на класификационната схема Код за повреда Коз за рестрикции Код за отдаване Артикулен № Име на библиотеката - собственик Име на библиотеката, в която се намира в момента Статус (Текущо местоположение) Дата на вписване в системата Местоположение - отдел Цена в лева Инвентарен номер Систематично азбучна сигнатура Баркод Номер на екземпляра Цена в евро Служебна бележка Служебен тип на артикула
  Не е изгубен Universal Decimal Classification Не е повреден без рестрикции ползва се в читалня 37214 Регионална библиотека "Любен Каравелов" Русе Регионална библиотека "Любен Каравелов" Русе Хранилище 1999-01-01 Хранилище 0.01 650776 Цб 201995 120000650776 1 0.01 Дост: Dp Вид: Д N: 39 Дата: 01.01.1999 Книги
Изтеглен Не е изгубен Universal Decimal Classification Не е повреден без рестрикции заемане за дома 37215 Регионална библиотека "Любен Каравелов" Русе Регионална библиотека "Любен Каравелов" Русе Заемна - подръчен фонд 2007-09-27 Заемна - подръчен фонд 7.00 120000717405 П 159.92/П 51 120000717405 2 3.58 Дост: Pk Вид: Ф N: 145 Дата: 27.09.2007 Дата инв: 01.02.2018 Бележки инв: П2018 Книги
Изтеглен Не е изгубен Universal Decimal Classification Не е повреден без рестрикции заемане за дома 37216 Регионална библиотека "Любен Каравелов" Русе Регионална библиотека "Любен Каравелов" Русе Заемна - подръчен фонд 2007-09-27 Заемна - подръчен фонд 7.00 120000717406 П 159.92/П 51 120000717406 3 3.58 Дост: Pk Вид: Ф N: 145 Дата: 27.09.2007 Дата инв: 01.02.2018 Бележки инв: П2018 Книги
Изтеглен Не е изгубен Universal Decimal Classification Не е повреден без рестрикции заемане за дома 37217 Регионална библиотека "Любен Каравелов" Русе Регионална библиотека "Любен Каравелов" Русе Заемна - подръчен фонд 2011-12-19 Заемна - подръчен фонд 9.00 120000755775 П 159.92/П 51 120000755775 4 4.60 Дост: Pk Вид: Ф N: 291 Дата: 15.12.2011 Книги
  Не е изгубен Universal Decimal Classification Не е повреден без рестрикции заемане за дома 37218 Регионална библиотека "Любен Каравелов" Русе Регионална библиотека "Любен Каравелов" Русе Заемна - подръчен фонд 2011-12-19 Заемна - подръчен фонд 9.00 120000755776 П 159.922.1/П 51 А 120000755776 5 4.60 Дост: Pk Вид: Ф N: 291 Дата: 15.12.2011 Книги
  Не е изгубен Universal Decimal Classification Не е повреден без рестрикции заемане за дома 37219 Регионална библиотека "Любен Каравелов" Русе Регионална библиотека "Любен Каравелов" Русе Заемна - подръчен фонд 2012-10-19 Заемна - подръчен фонд 9.00 120000760579 П 159.922.1/П 51А 120000760579 6 4.60 Дост: DA Вид: А N: 19 Дата: 19.10.2012 Дата инв: 10.03.2018 Бележки инв: П2018 Книги
  Не е изгубен Universal Decimal Classification Не е повреден без рестрикции заемане за дома 37220 Регионална библиотека "Любен Каравелов" Русе Регионална библиотека "Любен Каравелов" Русе Заемна - подръчен фонд 2016-03-31 Заемна - подръчен фонд 9.00 120000799214 159.922.1/П 51 А 120000799214 7 4.60 Дост: DA Вид: А N: 15 Дата: 31.03.2016 Дата инв: 07.03.2018 Бележки инв: П2018 Книги
Vip Innovations Ltd, Rousse, Bulgaria 2025